Inorganic chemistry / (Record no. 3879)

MARC details
000 -LEADER
fixed length control field 00990cam a22002894a 4500
001 - CONTROL NUMBER
control field 11973887
003 - CONTROL NUMBER IDENTIFIER
control field OSt
005 - DATE AND TIME OF LATEST TRANSACTION
control field 20160505193035.0
008 - FIXED-LENGTH DATA ELEMENTS--GENERAL INFORMATION
fixed length control field 000413s2000 enka b 001 0 eng
010 ## - LIBRARY OF CONGRESS CONTROL NUMBER
LC control number 00039829
020 ## - INTERNATIONAL STANDARD BOOK NUMBER
International Standard Book Number 1859962890
040 ## - CATALOGING SOURCE
Original cataloging agency DLC
Transcribing agency DLC
Modifying agency DLC
042 ## - AUTHENTICATION CODE
Authentication code pcc
050 00 - LIBRARY OF CONGRESS CALL NUMBER
Classification number QD153.5
Item number .C69 2000
082 00 - DEWEY DECIMAL CLASSIFICATION NUMBER
Classification number 546
Edition number 21
Item number COX 2004
100 1# - MAIN ENTRY--PERSONAL NAME
Personal name Cox, P. A.
9 (RLIN) 8513
245 10 - TITLE STATEMENT
Title Inorganic chemistry /
Statement of responsibility, etc. P.A. Cox.
250 ## - EDITION STATEMENT
Edition statement 2nd.ed
260 ## - PUBLICATION, DISTRIBUTION, ETC. (IMPRINT)
Place of publication, distribution, etc. Oxford :
-- New York :
Name of publisher, distributor, etc. Springer
Date of publication, distribution, etc. 2004.
300 ## - PHYSICAL DESCRIPTION
Extent vi, 261 p. :
Other physical details ill. ;
Dimensions 25 cm.
440 #4 - SERIES STATEMENT/ADDED ENTRY--TITLE
Title The instant notes series
9 (RLIN) 8514
504 ## - BIBLIOGRAPHY, ETC. NOTE
Bibliography, etc Includes bibliographical references (p. [257]-258) and index.
650 #0 - SUBJECT ADDED ENTRY--TOPICAL TERM
Topical term or geographic name as entry element Chemistry, Inorganic
Form subdivision Outlines, syllabi, etc.
9 (RLIN) 8515
906 ## - LOCAL DATA ELEMENT F, LDF (RLIN)
a 7
b cbc
c orignew
d 1
e ocip
f 20
g y-gencatlg
942 ## - ADDED ENTRY ELEMENTS (KOHA)
Source of classification or shelving scheme Dewey Decimal Classification
Koha item type Short Loan
Holdings
Withdrawn status Lost status Source of classification or shelving scheme Damaged status Not for loan Home library Current library Date acquired Inventory number Total Checkouts Full call number Barcode Date last seen Price effective from Koha item type
    Dewey Decimal Classification     MUST Main Library MUST Main Library 05/05/2016 2005/24717   546 COX 2004 2016-1588 05/05/2016 05/05/2016 Short Loan
    Dewey Decimal Classification     MUST Main Library MUST Main Library 05/05/2016 2005/24716   546 COX 2004 2016-1589 05/05/2016 05/05/2016 Short Loan
    Dewey Decimal Classification     MUST Main Library MUST Main Library 05/05/2016 2005/24719   546 COX 2004 2016-1590 05/05/2016 05/05/2016 Short Loan